[Event "Kaluga Tsiolkovsky Memorial op"]
[Site "Kaluga"]
[Date "2016.08.09"]
[Round "4"]
[White "Petrov, Vladimir S"]
[Black "Gorshkov, Yury S"]
[Result "0-1"]
[WhiteElo "1986"]
[BlackElo "2297"]
[PlyCount "72"]
[EventDate "2016.08.06"]
[EventType "swiss"]
[EventRounds "9"]
[EventCountry "RUS"]
[SourceTitle "CBM 174 Extra"]
[Source "ChessBase"]
[SourceDate "2016.10.10"]
[SourceVersion "1"]
[SourceVersionDate "2016.10.10"]
[SourceQuality "1"]

1. d4 e6 2. c4 b6 3. Nc3 Bb7 4. Nf3 Bb4 5. Qb3 a5 6. a3 a4 7. Qc2 Bxc3+ 8. Qxc3 f5 9. d5 Nf6 10. Bf4 Na6 11. dxe6 dxe6 12. Qe5 Qe7 13. Ng5 Bc8 14. h3 h6 15. Nf3 0-0 16. Nd2 Bb7 17. f3 Nd7 18. Qc3 e5 19. Be3 f4 20. Bf2 Nac5 21. e4 fxe3 22. Bxe3 e4 23. 0-0-0 exf3 24. gxf3 Nf6 25. Rg1 Kh8 26. Re1 Rad8 27. Bf2 Qd6 28. Bg3 Qxd2+ 29. Qxd2 Nb3+ 30. Kc2 Nxd2 31. Rd1 Nxf3 32. Rxd8 Rxd8 33. Rg2 Nd4+ 34. Kb1 Be4+ 35. Ka2 Nb3 36. Re2 Rd1 0-1

[Event "Kaluga Tsiolkovsky Memorial op"]
[Site "Kaluga"]
[Date "2016.08.07"]
[Round "2"]
[White "Petrov, Vladimir S"]
[Black "Kostin, Sergei Anatolievich"]
[Result "0-1"]
[WhiteElo "1986"]
[BlackElo "2236"]
[PlyCount "85"]
[EventDate "2016.08.06"]
[EventType "swiss"]
[EventRounds "9"]
[EventCountry "RUS"]
[SourceTitle "CBM 174 Extra"]
[Source "ChessBase"]
[SourceDate "2016.10.10"]
[SourceVersion "1"]
[SourceVersionDate "2016.10.10"]
[SourceQuality "1"]

1. d4 Nf6 2. c4 g6 3. Nc3 Bg7 4. e4 d6 5. f3 0-0 6. Be3 e5 7. d5 c6 8. Qd2 cxd5 9. cxd5 Nbd7 10. Nh3 a6 11. Be2 b5 12. 0-0 Nb6 13. Nf2 Bd7 14. Rfc1 Ne8 15. b3 f5 16. Nd3 a5 17. Nb2 b4 18. Ncd1 Nf6 19. Bd3 f4 20. Bf2 g5 21. Nc4 Nxc4 22. bxc4 g4 23. c5 g3 24. hxg3 Nh5 25. gxf4 exf4 26. Bc4 Qf6 27. c6 Bc8 28. Rab1 Ng3 29. Nb2 Qh4 30. Bd4 Qh1+ 31. Kf2 Qh4 32. Kg1 Bf6 33. Bxf6 Rxf6 34. Nd3 Ra7 35. e5 Qh1+ 36. Kf2 Qh4 37. Kg1 Rg6 38. Ne1 Rag7 39. Rb2 Qh1+ 40. Kf2 Ne4+ 41. Ke2 Rxg2+ 42. Kd1 Nxd2 43. Rxd2 0-1

[Event "Kaluga Tsiolkovsky Memorial op"]
[Site "Kaluga"]
[Date "2016.08.06"]
[Round "1"]
[White "Fedorovskii, Aleksandr"]
[Black "Petrov, Vladimir S"]
[Result "0-1"]
[WhiteElo "1295"]
[BlackElo "1986"]
[PlyCount "106"]
[EventDate "2016.08.06"]
[EventType "swiss"]
[EventRounds "9"]
[EventCountry "RUS"]
[SourceTitle "CBM 174 Extra"]
[Source "ChessBase"]
[SourceDate "2016.10.10"]
[SourceVersion "1"]
[SourceVersionDate "2016.10.10"]
[SourceQuality "1"]

1. e4 c5 2. Nf3 d6 3. d4 cxd4 4. Nxd4 Nf6 5. Nc3 a6 6. f3 e5 7. Nb3 Be6 8. Bg5 Be7 9. Be2 Nbd7 10. Bxf6 Nxf6 11. Nd5 Bxd5 12. exd5 0-0 13. 0-0 Nd7 14. Qe1 Bf6 15. Nd2 g6 16. c4 Bg7 17. Rc1 f5 18. Kh1 Bh6 19. Rc3 Rc8 20. Nb3 b6 21. Bd3 Bg7 22. Rc1 a5 23. Bb1 Bh6 24. Rc3 Bg7 25. Rc1 Qf6 26. Rc3 Rc7 27. Bd3 a4 28. Nd2 Nc5 29. Be2 Re7 30. Bd1 Rfe8 31. Bc2 Qg5 32. Qe3 Qh5 33. Ra3 Bh6 34. Qf2 Bf4 35. g3 Bxd2 36. Qxd2 e4 37. f4 e3 38. Qe1 e2 39. Rf2 Re3 40. Rxe3 Rxe3 41. Kg2 Qg4 42. Bb1 h5 43. Kg1 h4 44. Rg2 h3 45. Rf2 Nd7 46. Bc2 Nf6 47. Kh1 Nh5 48. Bb1 Nxg3+ 49. hxg3 Qxg3 50. Bc2 Qxf2 51. Qxf2 e1Q+ 52. Qxe1 Rxe1+ 53. Kh2 Re2+ 0-1

[Event "Kaluga Tsiolkovsky Memorial op"]
[Site "Kaluga"]
[Date "2013.08.04"]
[Round "2"]
[White "Pavlov, Aleksandr"]
[Black "Petrov, Vladimir S"]
[Result "0-1"]
[WhiteElo "2299"]
[BlackElo "1907"]
[PlyCount "96"]
[EventDate "2013.08.03"]
[EventType "swiss"]
[EventRounds "9"]
[EventCountry "RUS"]
[SourceTitle "CBM 156 Extra"]
[Source "ChessBase"]
[SourceDate "2013.10.22"]
[SourceVersion "1"]
[SourceVersionDate "2013.10.22"]
[SourceQuality "1"]

1. d4 d5 2. c4 c6 3. Nc3 Nf6 4. Nf3 e6 5. Bg5 Be7 6. e3 0-0 7. Bd3 dxc4 8. Bxc4 b5 9. Bd3 Bb7 10. 0-0 a6 11. a3 Nbd7 12. Qc2 g6 13. Bh6 Re8 14. Ne4 Nxe4 15. Bxe4 Qb6 16. Qc3 Nf6 17. Bd3 Nd5 18. Qc2 Bf6 19. Ne5 Bxe5 20. dxe5 c5 21. Be4 c4 22. Kh1 Qc7 23. Bf4 Rac8 24. Rad1 Red8 25. Rfe1 Rd7 26. Bg3 a5 27. Bh4 Qxe5 28. f4 Qc7 29. Bxd5 exd5 30. Qc3 Re8 31. Bf6 Re6 32. Bh8 f5 33. Be5 Qb6 34. Rd4 b4 35. axb4 axb4 36. Qd2 Rde7 37. Rd1 Rxe5 38. fxe5 Rxe5 39. Qf2 Re8 40. h3 Qe6 41. Re1 Ra8 42. Qf4 Re8 43. Qc7 Qe7 44. Qf4 Qe5 45. Qf2 Ra8 46. Qh4 Kg7 47. Qf4 Re8 48. Qf2 h6 0-1

[Event "Balabanovo Winter Rating"]
[Site "Balabanovo"]
[Date "2012.12.23"]
[Round "11"]
[White "Nikishov, Vasilii"]
[Black "Petrov, Vladimir S"]
[Result "1/2-1/2"]
[WhiteElo "1481"]
[BlackElo "1934"]
[PlyCount "50"]
[EventDate "2012.12.08"]
[EventType "tourn"]
[EventRounds "11"]
[EventCountry "RUS"]
[SourceTitle "EXT 2023"]
[Source "ChessBase"]
[SourceDate "2022.10.05"]
[SourceVersion "1"]
[SourceVersionDate "2022.10.05"]
[SourceQuality "1"]

1. e4 c5 2. Nf3 d6 3. Bb5+ Bd7 4. Bxd7+ Qxd7 5. 0-0 e5 6. Nc3 Nf6 7. d3 h6 8. Bd2 Nc6 9. a3 g5 10. h3 Nd4 11. Nxd4 cxd4 12. Ne2 0-0-0 13. f3 Nh5 14. Rc1 f5 15. c3 dxc3 16. Rxc3+ Kb8 17. Qb3 Bg7 18. Rfc1 Rc8 19. Rxc8+ Rxc8 20. Rxc8+ Kxc8 21. Qg8+ Kc7 22. Qc4+ Kd8 23. Qg8+ Kc7 24. Qc4+ Kd8 25. Qg8+ Kc7 1/2-1/2

[Event "Balabanovo Winter Rating"]
[Site "Balabanovo"]
[Date "2012.12.15"]
[Round "5"]
[White "Petrov, Vladimir S"]
[Black "Shon, Vitaly"]
[Result "0-1"]
[WhiteElo "1934"]
[BlackElo "1890"]
[PlyCount "84"]
[EventDate "2012.12.08"]
[EventType "tourn"]
[EventRounds "11"]
[EventCountry "RUS"]
[SourceTitle "EXT 2023"]
[Source "ChessBase"]
[SourceDate "2022.10.05"]
[SourceVersion "1"]
[SourceVersionDate "2022.10.05"]
[SourceQuality "1"]

1. d4 Nf6 2. c4 Nc6 3. Nc3 e5 4. d5 Ne7 5. e4 Ng6 6. Be3 Bb4 7. f3 Qe7 8. Bd3 c6 9. Nge2 cxd5 10. cxd5 Nh5 11. g3 0-0 12. a3 Bc5 13. Bxc5 Qxc5 14. b4 Qe3 15. Qd2 Qxf3 16. 0-0-0 d6 17. Rdf1 Qg4 18. Nb5 Qd7 19. Qg5 Nf6 20. Rxf6 gxf6 21. Qxf6 Rd8 22. h4 Qe7 23. Qf3 Bd7 24. Nbc3 a5 25. b5 Rac8 26. Kb2 Rf8 27. g4 f6 28. Ng3 Nf4 29. Nf5 Bxf5 30. exf5 Kh8 31. Re1 Qg7 32. Rg1 Rc5 33. Ne4 Rxd5 34. Bc4 Rd4 35. Ba2 Qc7 36. g5 fxg5 37. hxg5 Rxf5 38. Qb3 d5 39. Nf6 Nd3+ 40. Kb1 Rf2 41. Nxd5 Rxd5 42. Qxd5 Qc2+ 0-1

[Event "Balabanovo Winter Rating"]
[Site "Balabanovo"]
[Date "2012.12.08"]
[Round "1"]
[White "Petrov, Vladimir S"]
[Black "Polkovnikov, Nikolay"]
[Result "0-1"]
[WhiteElo "1934"]
[BlackElo "2048"]
[PlyCount "112"]
[EventDate "2012.12.08"]
[EventType "tourn"]
[EventRounds "11"]
[EventCountry "RUS"]
[SourceTitle "EXT 2023"]
[Source "ChessBase"]
[SourceDate "2022.10.05"]
[SourceVersion "1"]
[SourceVersionDate "2022.10.05"]
[SourceQuality "1"]

1. d4 d5 2. c4 e6 3. Nf3 c6 4. e3 Nf6 5. Bd3 Nbd7 6. 0-0 Be7 7. Nc3 0-0 8. b3 b6 9. e4 Bb4 10. e5 Bxc3 11. exf6 Nxf6 12. Ba3 Bxa1 13. Bxf8 Qxf8 14. Qxa1 Ba6 15. Ne5 Rc8 16. f4 dxc4 17. bxc4 c5 18. f5 Qd6 19. fxe6 fxe6 20. Rf4 cxd4 21. Qe1 Rc5 22. Rxf6 Rxe5 23. Qg3 Re1+ 24. Qxe1 gxf6 25. Qe4 Qd7 26. Qg4+ Kh8 27. Qh4 Qe7 28. Qxd4 Qc5 29. Qxc5 bxc5 30. Kf2 Kg7 31. Ke3 f5 32. g3 Kf6 33. Be2 h6 34. Kf4 Bb7 35. a3 Bg2 36. h4 Bc6 37. Bf1 Ba4 38. Be2 Bb3 39. Bf1 Bc2 40. Be2 Bb1 41. Bf1 e5+ 42. Ke3 e4 43. Kf4 h5 44. Ke3 Ke5 45. Be2 Bd3 46. Bxh5 Bxc4 47. Be8 Kf6 48. Kf4 Bf7 49. Bd7 Be6 50. Bc6 c4 51. g4 fxg4 52. Bxe4 c3 53. h5 Bf5 54. Bxf5 g3 55. h6 g2 56. h7 Kg7 0-1

[Event "Kaluga Tsiolkovsky Memorial op"]
[Site "Kaluga"]
[Date "2012.07.30"]
[Round "2"]
[White "Subbotsky, Mikhail"]
[Black "Petrov, Vladimir S"]
[Result "1/2-1/2"]
[WhiteElo "2031"]
[BlackElo "1921"]
[PlyCount "51"]
[EventDate "2012.07.30"]
[EventType "swiss"]
[EventRounds "9"]
[EventCountry "RUS"]
[SourceTitle "EXT 2014"]
[Source "ChessBase"]
[SourceDate "2013.11.20"]
[SourceVersion "1"]
[SourceVersionDate "2013.11.20"]
[SourceQuality "1"]

1. d4 d5 2. c4 c6 3. Nf3 Nf6 4. Bf4 e6 5. e3 dxc4 6. Bxc4 b5 7. Bd3 Bb7 8. 0-0 a6 9. a4 Bd6 10. Bxd6 Qxd6 11. Nbd2 0-0 12. Nb3 Nbd7 13. Qc2 Rfc8 14. e4 e5 15. dxe5 Nxe5 16. Nxe5 Qxe5 17. Nc5 Rab8 18. Be2 Rc7 19. Rfd1 g6 20. f3 Kg7 21. b4 Nh5 22. g3 Nxg3 23. hxg3 Qxg3+ 24. Kh1 Qh3+ 25. Kg1 Qg3+ 26. Kh1 1/2-1/2